<?xml version="1.0" encoding="UTF-8"?>
<record
    xmlns:xsi="http://www.w3.org/2001/XMLSchema-instance"
    xsi:schemaLocation="http://www.loc.gov/MARC21/slim http://www.loc.gov/standards/marcxml/schema/MARC21slim.xsd"
    xmlns="http://www.loc.gov/MARC21/slim">

  <leader>01057    a2200229   4500</leader>
  <controlfield tag="005">20150414020002.0</controlfield>
  <controlfield tag="008">150409b1999    ck il. | |||| 00| 0 spa d</controlfield>
  <datafield tag="040" ind1=" " ind2=" ">
    <subfield code="a">CO-BoIAVH</subfield>
    <subfield code="c">CO-BoIAVH</subfield>
  </datafield>
  <datafield tag="041" ind1=" " ind2=" ">
    <subfield code="a">spa</subfield>
  </datafield>
  <datafield tag="090" ind1=" " ind2=" ">
    <subfield code="a">IAVH</subfield>
    <subfield code="b">00129</subfield>
  </datafield>
  <datafield tag="100" ind1="1" ind2=" ">
    <subfield code="a">Sch&#xFC;tze P&#xE1;ez, Klaus</subfield>
    <subfield code="9">33687</subfield>
  </datafield>
  <datafield tag="245" ind1="1" ind2="0">
    <subfield code="a">La cobertura vegetal del Municipio de Villa de Leyva:</subfield>
    <subfield code="b">presentaci&#xF3;n power point</subfield>
  </datafield>
  <datafield tag="260" ind1=" " ind2=" ">
    <subfield code="a">Villa de Leyva (Boyac&#xE1;):</subfield>
    <subfield code="b">INstituto de Investigaci&#xF3;n de Recursos Biol&#xF3;gicos Alexander von Humboldt,</subfield>
    <subfield code="c">1999.</subfield>
  </datafield>
  <datafield tag="300" ind1=" " ind2=" ">
    <subfield code="a">36 p.</subfield>
    <subfield code="b">ilustraciones a color</subfield>
    <subfield code="c">28 cm.</subfield>
  </datafield>
  <datafield tag="500" ind1=" " ind2=" ">
    <subfield code="a">Presentaci&#xF3;n power point</subfield>
  </datafield>
  <datafield tag="650" ind1=" " ind2="4">
    <subfield code="a">Cobertura vegetal</subfield>
    <subfield code="v">seminarios, conferencias, etc.</subfield>
    <subfield code="9">33688</subfield>
  </datafield>
  <datafield tag="650" ind1=" " ind2="4">
    <subfield code="a">Aves</subfield>
    <subfield code="v">seminarios, conferencias, etc.</subfield>
    <subfield code="9">33689</subfield>
  </datafield>
  <datafield tag="650" ind1=" " ind2="4">
    <subfield code="a">Plantas</subfield>
    <subfield code="v">seminarios, conferencias, etc.</subfield>
    <subfield code="9">33690</subfield>
  </datafield>
  <datafield tag="650" ind1=" " ind2="4">
    <subfield code="a">Vegetaci&#xF3;n</subfield>
    <subfield code="v">seminarios, conferencias, etc.</subfield>
    <subfield code="9">33691</subfield>
  </datafield>
  <datafield tag="773" ind1="0" ind2=" ">
    <subfield code="d">Villa de Leyva (Boyac&#xE1;) Instituto de Investigaci&#xF3;n&#x324; de Recursos Biol&#xF3;g&#x324;icos Alexander von Humboldt 1999</subfield>
    <subfield code="t">La cobertura vegetal del Municipio de Villa de Leyva</subfield>
  </datafield>
  <datafield tag="942" ind1=" " ind2=" ">
    <subfield code="2">z</subfield>
    <subfield code="c">INFORME</subfield>
    <subfield code="0">1</subfield>
  </datafield>
  <datafield tag="999" ind1=" " ind2=" ">
    <subfield code="c">17430</subfield>
    <subfield code="d">17430</subfield>
  </datafield>
  <datafield tag="952" ind1=" " ind2=" ">
    <subfield code="0">0</subfield>
    <subfield code="1">0</subfield>
    <subfield code="2">z</subfield>
    <subfield code="4">0</subfield>
    <subfield code="7">0</subfield>
    <subfield code="8">HUMBOLDT</subfield>
    <subfield code="I">INV2017</subfield>
    <subfield code="a">Bogota</subfield>
    <subfield code="b">Bogota</subfield>
    <subfield code="d">2015-04-09</subfield>
    <subfield code="l">1</subfield>
    <subfield code="o">IAVH-00129</subfield>
    <subfield code="p">003869</subfield>
    <subfield code="r">2024-08-09 00:00:00</subfield>
    <subfield code="s">2015-04-13</subfield>
    <subfield code="t">Ej. 2</subfield>
    <subfield code="w">2015-04-09</subfield>
    <subfield code="x">Institucional</subfield>
    <subfield code="y">INFORME</subfield>
  </datafield>
</record>
